[Event "Team Championship Russia (Blitz, Men)"]
[Site "Sochi"]
[Date "2018.10.10"]
[Round "7.27"]
[White "Chizhikov, Vladislav"]
[Black "Moiseenko, Vadim"]
[Result "0-1"]
[BlackElo "2421"]
[WhiteElo "2240"]
[LiveChessVersion "1.4.8"]

1. e4 {[%clk 0:03:03]} e5 {[%clk 0:03:03]} 2. Nf3 {[%clk 0:03:04]} Nc6
{[%clk 0:03:04]} 3. Nc3 {[%clk 0:03:05]} Nf6 {[%clk 0:03:04]} 4. Be2
{[%clk 0:03:06]} Bd6 {[%clk 0:02:54]} 5. O-O {[%clk 0:03:04]} O-O
{[%clk 0:02:54]} 6. d4 {[%clk 0:03:01]} exd4 {[%clk 0:02:53]} 7. Nxd4
{[%clk 0:03:01]} Re8 {[%clk 0:02:52]} 8. Bf3 {[%clk 0:02:28]} Be5
{[%clk 0:02:44]} 9. Nde2 {[%clk 0:02:17]} d6 {[%clk 0:02:43]} 10. h3
{[%clk 0:02:14]} h6 {[%clk 0:02:34]} 11. Be3 {[%clk 0:02:15]} Be6
{[%clk 0:02:32]} 12. Qd3 {[%clk 0:02:13]} Qd7 {[%clk 0:02:27]} 13. Rad1
{[%clk 0:02:13]} Bxh3 {[%clk 0:02:05]} 14. gxh3 {[%clk 0:02:03]} Qxh3
{[%clk 0:02:06]} 15. Ng3 {[%clk 0:02:04]} Bxg3 {[%clk 0:02:07]} 16. fxg3
{[%clk 0:02:04]} Qxg3+ {[%clk 0:02:07]} 17. Bg2 {[%clk 0:02:06]} Ng4
{[%clk 0:02:08]} 18. Bf4 {[%clk 0:02:03]} Qxd3 {[%clk 0:01:56]} 19. cxd3
{[%clk 0:02:03]} Nd4 {[%clk 0:01:49]} 20. Bh3 {[%clk 0:01:53]} Ne5
{[%clk 0:01:49]} 21. Be3 {[%clk 0:01:46]} Ne6 {[%clk 0:01:49]} 22. Nd5
{[%clk 0:01:43]} c6 {[%clk 0:01:48]} 23. Bxe6 {[%clk 0:01:43]} Rxe6
{[%clk 0:01:49]} 24. Nf4 {[%clk 0:01:37]} Re7 {[%clk 0:01:50]} 25. Kg2
{[%clk 0:01:31]} a6 {[%clk 0:01:42]} 26. Nh5 {[%clk 0:01:29]} Kh7
{[%clk 0:01:23]} 27. Ng3 {[%clk 0:01:30]} g6 {[%clk 0:01:19]} 28. Rh1
{[%clk 0:01:29]} h5 {[%clk 0:01:20]} 29. Bg5 {[%clk 0:01:27]} Re6
{[%clk 0:01:20]} 30. d4 {[%clk 0:01:25]} Ng4 {[%clk 0:01:19]} 31. Rdf1
{[%clk 0:01:17]} f6 {[%clk 0:01:17]} 32. Bd2 {[%clk 0:01:17]} Rae8
{[%clk 0:01:06]} 33. Rf4 {[%clk 0:01:18]} Kg7 {[%clk 0:01:07]} 34. Kf3
{[%clk 0:01:02]} d5 {[%clk 0:01:05]} 35. exd5 {[%clk 0:01:02]} cxd5
{[%clk 0:01:06]} 36. Rc1 {[%clk 0:00:56]} R8e7 {[%clk 0:00:59]} 37. Bb4
{[%clk 0:00:39]} Rd7 {[%clk 0:00:53]} 38. Re1 {[%clk 0:00:38]} Rxe1
{[%clk 0:00:50]} 39. Bxe1 {[%clk 0:00:39]} Re7 {[%clk 0:00:51]} 40. Bd2
{[%clk 0:00:40]} f5 {[%clk 0:00:50]} 41. Kg2 {[%clk 0:00:37]} h4 {[%clk 0:00:48]}
42. Nf1 {[%clk 0:00:33]} Re2+ {[%clk 0:00:36]} 43. Kf3 {[%clk 0:00:31]} Rf2#
{[%clk 0:00:36]} 0-1

[Event "Team Championship Russia (Blitz, Men)"]
[Site "Sochi"]
[Date "2018.10.10"]
[Round "7.29"]
[White "Oparin, Grigoriy"]
[Black "Ozgibcev, Anatoly"]
[Result "1-0"]
[BlackElo "2353"]
[WhiteElo "2550"]
[LiveChessVersion "1.4.8"]

1. Nf3 {[%clk 0:03:02]} d5 {[%clk 0:03:03]} 2. g3 {[%clk 0:03:03]} c5
{[%clk 0:03:05]} 3. Bg2 {[%clk 0:02:59]} Nc6 {[%clk 0:03:06]} 4. d4
{[%clk 0:02:59]} Nf6 {[%clk 0:03:07]} 5. O-O {[%clk 0:03:00]} e6 {[%clk 0:03:09]}
6. c4 {[%clk 0:02:59]} cxd4 {[%clk 0:03:09]} 7. cxd5 {[%clk 0:02:58]} exd5
{[%clk 0:03:09]} 8. Nxd4 {[%clk 0:02:58]} Be7 {[%clk 0:03:11]} 9. Nc3
{[%clk 0:02:57]} O-O {[%clk 0:03:11]} 10. Bf4 {[%clk 0:02:28]} Bg4
{[%clk 0:03:10]} 11. h3 {[%clk 0:02:25]} Be6 {[%clk 0:03:11]} 12. Rc1
{[%clk 0:02:22]} Rc8 {[%clk 0:03:08]} 13. Nxc6 {[%clk 0:01:44]} bxc6
{[%clk 0:03:08]} 14. b3 {[%clk 0:01:42]} Qd7 {[%clk 0:03:05]} 15. g4
{[%clk 0:01:36]} h6 {[%clk 0:03:01]} 16. e3 {[%clk 0:01:32]} Rfd8
{[%clk 0:02:47]} 17. Qd2 {[%clk 0:01:32]} Bb4 {[%clk 0:02:37]} 18. Rfd1
{[%clk 0:01:26]} Qe7 {[%clk 0:02:26]} 19. Qe2 {[%clk 0:01:22]} Qb7
{[%clk 0:02:16]} 20. Na4 {[%clk 0:01:08]} Qb5 {[%clk 0:02:12]} 21. Bf1
{[%clk 0:00:58]} Qxe2 {[%clk 0:02:00]} 22. Bxe2 {[%clk 0:00:59]} Ba3
{[%clk 0:01:55]} 23. Rc2 {[%clk 0:00:59]} c5 {[%clk 0:01:56]} 24. Ba6
{[%clk 0:00:58]} Rc6 {[%clk 0:01:56]} 25. Bb7 {[%clk 0:00:57]} Rb6
{[%clk 0:01:56]} 26. Nxb6 {[%clk 0:00:57]} axb6 {[%clk 0:01:57]} 27. Be5
{[%clk 0:00:48]} Ne4 {[%clk 0:01:34]} 28. f3 {[%clk 0:00:45]} Ng5
{[%clk 0:01:35]} 29. Kg2 {[%clk 0:00:46]} f6 {[%clk 0:01:36]} 30. Bf4
{[%clk 0:00:30]} Nf7 {[%clk 0:01:35]} 31. Rcd2 {[%clk 0:00:31]} Bb4
{[%clk 0:01:35]} 32. Bxd5 {[%clk 0:00:23]} Bxd2 {[%clk 0:01:13]} 33. Bxe6
{[%clk 0:00:24]} b5 {[%clk 0:01:10]} 34. e4 {[%clk 0:00:23]} Ba5 {[%clk 0:01:02]}
35. Rxd8+ {[%clk 0:00:22]} Bxd8 {[%clk 0:01:03]} 36. Bd6 {[%clk 0:00:21]} Bb6
{[%clk 0:01:03]} 37. a4 {[%clk 0:00:16]} bxa4 {[%clk 0:01:04]} 38. bxa4
{[%clk 0:00:17]} g6 {[%clk 0:01:05]} 39. f4 {[%clk 0:00:10]} Kg7 {[%clk 0:01:05]}
40. Bxf7 {[%clk 0:00:11]} Kxf7 {[%clk 0:01:07]} 41. f5 {[%clk 0:00:12]} g5
{[%clk 0:01:06]} 42. Kf1 {[%clk 0:00:12]} c4 {[%clk 0:01:03]} 43. Ke2
{[%clk 0:00:13]} Ba5 {[%clk 0:01:02]} 44. e5 {[%clk 0:00:10]} fxe5
{[%clk 0:01:00]} 45. Bxe5 {[%clk 0:00:11]} Bb4 {[%clk 0:01:01]} 46. Ke3
{[%clk 0:00:11]} Bc5+ {[%clk 0:01:02]} 47. Ke4 {[%clk 0:00:12]} Bb4
{[%clk 0:01:03]} 48. Kd4 {[%clk 0:00:13]} c3 {[%clk 0:01:04]} 49. Kd3
{[%clk 0:00:14]} c2 {[%clk 0:00:58]} 50. Kxc2 {[%clk 0:00:15]} Ba5
{[%clk 0:01:00]} 51. Kb3 {[%clk 0:00:16]} Bb6 {[%clk 0:01:01]} 52. Kc4
{[%clk 0:00:17]} Bf2 {[%clk 0:01:02]} 53. Kb5 {[%clk 0:00:18]} 1-0

[Event "Team Championship Russia (Blitz, Men)"]
[Site "Sochi"]
[Date "2018.10.10"]
[Round "7.30"]
[White "Dilmukhametov, Artur"]
[Black "Diakonova, Ekaterina"]
[Result "1-0"]
[BlackElo "2065"]
[WhiteElo "2375"]
[LiveChessVersion "1.4.8"]

1. d4 {[%clk 0:03:01]} Nf6 {[%clk 0:03:03]} 2. Nc3 {[%clk 0:03:01]} d5
{[%clk 0:03:04]} 3. Bf4 {[%clk 0:03:02]} c6 {[%clk 0:02:56]} 4. e3
{[%clk 0:03:02]} Bf5 {[%clk 0:02:52]} 5. f3 {[%clk 0:03:01]} e6 {[%clk 0:02:25]}
6. g4 {[%clk 0:02:59]} Bg6 {[%clk 0:02:24]} 7. h4 {[%clk 0:03:00]} h5
{[%clk 0:02:21]} 8. g5 {[%clk 0:02:57]} Ng8 {[%clk 0:02:04]} 9. Bd3
{[%clk 0:02:56]} Bxd3 {[%clk 0:02:03]} 10. Qxd3 {[%clk 0:02:57]} Bd6
{[%clk 0:02:05]} 11. Nge2 {[%clk 0:02:52]} Ne7 {[%clk 0:02:02]} 12. O-O-O
{[%clk 0:02:48]} Na6 {[%clk 0:01:56]} 13. e4 {[%clk 0:02:48]} Bxf4+
{[%clk 0:01:53]} 14. Nxf4 {[%clk 0:02:48]} g6 {[%clk 0:01:41]} 15. Qe3
{[%clk 0:02:41]} Qd6 {[%clk 0:01:20]} 16. Nd3 {[%clk 0:02:39]} O-O
{[%clk 0:00:55]} 17. Ne2 {[%clk 0:02:25]} Nb4 {[%clk 0:00:41]} 18. Nxb4
{[%clk 0:02:14]} Qxb4 {[%clk 0:00:42]} 19. Nf4 {[%clk 0:02:14]} Rac8
{[%clk 0:00:42]} 20. Nd3 {[%clk 0:02:14]} Qd6 {[%clk 0:00:34]} 21. Kb1
{[%clk 0:02:10]} b6 {[%clk 0:00:35]} 22. Qf4 {[%clk 0:01:31]} Qxf4
{[%clk 0:00:30]} 23. Nxf4 {[%clk 0:01:32]} Rfd8 {[%clk 0:00:32]} 24. c3
{[%clk 0:01:28]} Rd7 {[%clk 0:00:23]} 25. Nd3 {[%clk 0:01:24]} Rcd8
{[%clk 0:00:25]} 26. Ne5 Rc7 27. Rd2 {[%clk 0:01:15]} Nc8 {[%clk 0:00:28]} 28.
Rc1 {[%clk 0:01:09]} Nd6 29. Re2 Nc4 {[%clk 0:00:17]} 30. Nd3 {[%clk 0:00:57]}
dxe4 {[%clk 0:00:15]} 31. fxe4 {[%clk 0:00:58]} c5 {[%clk 0:00:15]} 32. b3
{[%clk 0:00:42]} Nd6 {[%clk 0:00:15]} 33. dxc5 {[%clk 0:00:36]} bxc5
{[%clk 0:00:17]} 34. Ne5 {[%clk 0:00:34]} a5 {[%clk 0:00:15]} 35. Rd1
{[%clk 0:00:35]} Rcc8 {[%clk 0:00:13]} 36. Red2 {[%clk 0:00:34]} Nb7
{[%clk 0:00:15]} 37. Rd7 {[%clk 0:00:31]} Rxd7 {[%clk 0:00:11]} 38. Rxd7
{[%clk 0:00:32]} Nd8 {[%clk 0:00:11]} 39. Ra7 {[%clk 0:00:31]} Nc6
{[%clk 0:00:10]} 40. Nxc6 {[%clk 0:00:29]} Rxc6 {[%clk 0:00:12]} 41. Rxa5
{[%clk 0:00:30]} e5 {[%clk 0:00:10]} 42. Ra8+ {[%clk 0:00:31]} Kg7
{[%clk 0:00:11]} 43. Re8 {[%clk 0:00:31]} f6 {[%clk 0:00:12]} 44. Re7+
{[%clk 0:00:33]} Kf8 {[%clk 0:00:13]} 45. gxf6 {[%clk 0:00:34]} Rxf6
{[%clk 0:00:14]} 46. Rxe5 {[%clk 0:00:35]} Rf4 {[%clk 0:00:16]} 47. a4
{[%clk 0:00:31]} g5 {[%clk 0:00:15]} 48. Rxg5 {[%clk 0:00:27]} Rxh4
{[%clk 0:00:14]} 49. Rxc5 {[%clk 0:00:30]} Rxe4 {[%clk 0:00:15]} 50. Rxh5
{[%clk 0:00:31]} Rd4 1-0

[Event "Team Championship Russia (Blitz, Men)"]
[Site "Sochi"]
[Date "2018.10.10"]
[Round "7.31"]
[White "Borisova, Ekaterina"]
[Black "Inozemtsev, Sergei"]
[Result "0-1"]
[BlackElo "2312"]
[WhiteElo "2000"]
[LiveChessVersion "1.4.8"]

1. d4 {[%clk 0:03:03]} e6 {[%clk 0:03:02]} 2. g3 {[%clk 0:03:04]} Nf6
{[%clk 0:02:59]} 3. Bg2 {[%clk 0:03:05]} c5 {[%clk 0:02:59]} 4. c4
{[%clk 0:03:04]} cxd4 {[%clk 0:02:58]} 5. Qxd4 {[%clk 0:03:05]} Nc6
{[%clk 0:02:58]} 6. Qf4 {[%clk 0:03:06]} d6 {[%clk 0:02:58]} 7. Nc3
{[%clk 0:03:02]} a6 {[%clk 0:02:56]} 8. Nf3 {[%clk 0:03:02]} Be7 {[%clk 0:02:56]}
9. O-O {[%clk 0:03:03]} O-O {[%clk 0:02:51]} 10. Rd1 {[%clk 0:03:04]} Bd7
{[%clk 0:02:40]} 11. b3 {[%clk 0:03:05]} Qb8 {[%clk 0:02:34]} 12. Bb2
{[%clk 0:03:06]} Rd8 {[%clk 0:02:31]} 13. Rac1 {[%clk 0:02:53]} Be8
{[%clk 0:02:31]} 14. Qd2 {[%clk 0:02:45]} Ra7 {[%clk 0:02:26]} 15. Nd4
{[%clk 0:02:44]} Nxd4 16. Qxd4 {[%clk 0:02:45]} Bc6 {[%clk 0:02:21]} 17. e4
{[%clk 0:02:24]} Ne8 {[%clk 0:02:17]} 18. Qb6 {[%clk 0:02:08]} Ra8
{[%clk 0:02:15]} 19. b4 {[%clk 0:01:58]} Qc7 {[%clk 0:02:13]} 20. Qe3
{[%clk 0:01:52]} Qb8 {[%clk 0:02:01]} 21. b5 {[%clk 0:01:48]} Bd7
{[%clk 0:01:59]} 22. a4 {[%clk 0:01:47]} Rc8 {[%clk 0:01:58]} 23. Bf1
{[%clk 0:01:41]} Qa7 {[%clk 0:01:56]} 24. Qxa7 {[%clk 0:01:24]} Rxa7
{[%clk 0:01:57]} 25. Ba3 {[%clk 0:01:24]} Kf8 {[%clk 0:01:58]} 26. c5
{[%clk 0:01:21]} axb5 {[%clk 0:01:52]} 27. cxd6 {[%clk 0:01:19]} Bf6
{[%clk 0:01:53]} 28. Bxb5 {[%clk 0:01:11]} Rd8 {[%clk 0:01:45]} 29. Bc5
{[%clk 0:01:08]} Raa8 {[%clk 0:01:41]} 30. Bb6 {[%clk 0:01:07]} Bxb5
{[%clk 0:01:41]} 31. Nxb5 {[%clk 0:00:53]} Rd7 {[%clk 0:01:39]} 32. a5
{[%clk 0:00:40]} e5 {[%clk 0:01:31]} 33. Nc7 {[%clk 0:00:38]} Rb8
{[%clk 0:01:29]} 34. Nb5 {[%clk 0:00:33]} Bg5 {[%clk 0:01:28]} 35. Rc3
{[%clk 0:00:29]} h5 {[%clk 0:01:26]} 36. h4 {[%clk 0:00:30]} Bf6 {[%clk 0:01:26]}
37. Rcd3 {[%clk 0:00:20]} Rc8 {[%clk 0:01:21]} 38. Nc7 {[%clk 0:00:18]} Bd8
{[%clk 0:01:17]} 39. Nb5 {[%clk 0:00:15]} Bxb6 {[%clk 0:01:17]} 40. axb6
{[%clk 0:00:16]} Rc6 {[%clk 0:01:18]} 41. Rd5 {[%clk 0:00:08]} Rxb6
{[%clk 0:01:19]} 42. Rxe5 {[%clk 0:00:09]} Nxd6 {[%clk 0:01:18]} 43. Nxd6
{[%clk 0:00:10]} Rbxd6 {[%clk 0:01:19]} 44. Rxd6 {[%clk 0:00:11]} Rxd6
{[%clk 0:01:20]} 45. Rxh5 {[%clk 0:00:11]} Rd4 {[%clk 0:01:20]} 46. Rb5
{[%clk 0:00:11]} Rd7 {[%clk 0:01:21]} 47. Kg2 {[%clk 0:00:12]} Ke7
{[%clk 0:01:22]} 48. Kf3 {[%clk 0:00:13]} Kd8 {[%clk 0:01:23]} 49. g4 Kc7 50. Ke3
Kc6 51. Rg5 {[%clk 0:00:12]} f6 {[%clk 0:01:28]} 52. Rf5 {[%clk 0:00:09]} b5
{[%clk 0:01:29]} 53. g5 {[%clk 0:00:10]} Rd6 {[%clk 0:01:30]} 54. gxf6
{[%clk 0:00:11]} gxf6 {[%clk 0:01:31]} 55. Rd5 {[%clk 0:00:09]} Rxd5
{[%clk 0:01:30]} 56. exd5+ {[%clk 0:00:10]} Kxd5 {[%clk 0:01:32]} 57. h5
{[%clk 0:00:11]} Ke6 {[%clk 0:01:33]} 58. h6 {[%clk 0:00:11]} Kf7
{[%clk 0:01:34]} 59. Kd4 {[%clk 0:00:12]} Kg6 {[%clk 0:01:36]} 60. h7
{[%clk 0:00:12]} Kxh7 61. Kc5 Kg6 {[%clk 0:01:38]} 62. Kxb5 {[%clk 0:00:16]} Kf5
{[%clk 0:01:39]} 63. Kc4 {[%clk 0:00:17]} Ke4 {[%clk 0:01:41]} 64. Kc3
{[%clk 0:00:18]} Kf3 {[%clk 0:01:42]} 65. Kd4 {[%clk 0:00:17]} Kf4
{[%clk 0:01:35]} 66. Kd3 {[%clk 0:00:17]} Kf3 {[%clk 0:01:35]} 67. Kd4
{[%clk 0:00:18]} Kf4 {[%clk 0:01:34]} 68. Kd3 {[%clk 0:00:19]} f5
{[%clk 0:01:34]} 69. Ke2 {[%clk 0:00:20]} Ke4 {[%clk 0:01:35]} 70. f3+
{[%clk 0:00:20]} Kd4 {[%clk 0:01:35]} 71. Kf2 {[%clk 0:00:21]} f4
{[%clk 0:01:36]} 72. Ke2 {[%clk 0:00:21]} Kc3 {[%clk 0:01:38]} 73. Ke1
{[%clk 0:00:11]} Kd3 {[%clk 0:01:38]} 74. Kf2 {[%clk 0:00:07]} Kd2
{[%clk 0:01:40]} 75. Kf1 {[%clk 0:00:07]} Ke3 {[%clk 0:01:41]} 76. Ke1
{[%clk 0:00:08]} Kxf3 {[%clk 0:01:42]} 77. Kf1 {[%clk 0:00:09]} Ke3
{[%clk 0:01:43]} 78. Ke1 {[%clk 0:00:09]} f3 {[%clk 0:01:43]} 79. Kf1
{[%clk 0:00:11]} f2 {[%clk 0:01:45]} 80. Kg2 {[%clk 0:00:12]} Ke2
{[%clk 0:01:46]} 0-1

[Event "Team Championship Russia (Blitz, Men)"]
[Site "Sochi"]
[Date "2018.10.10"]
[Round "7.32"]
[White "Pogromsky, Mikhail"]
[Black "Cherenkov, Andrey"]
[Result "1-0"]
[BlackElo "2193"]
[WhiteElo "2462"]
[LiveChessVersion "1.4.8"]

1. Nf3 {[%clk 0:03:03]} Nf6 {[%clk 0:03:02]} 2. c4 {[%clk 0:03:04]} e6
{[%clk 0:03:03]} 3. g3 {[%clk 0:03:05]} b6 {[%clk 0:03:03]} 4. Bg2
{[%clk 0:03:06]} Bb7 {[%clk 0:03:04]} 5. O-O {[%clk 0:03:07]} Be7
{[%clk 0:03:01]} 6. Nc3 {[%clk 0:03:07]} O-O {[%clk 0:03:02]} 7. Re1
{[%clk 0:03:08]} c5 {[%clk 0:02:59]} 8. e4 {[%clk 0:03:09]} d6 {[%clk 0:02:48]}
9. d4 {[%clk 0:03:10]} Qc7 {[%clk 0:02:32]} 10. d5 {[%clk 0:03:11]} e5
{[%clk 0:02:32]} 11. Nh4 {[%clk 0:03:07]} g6 {[%clk 0:02:32]} 12. Bh6
{[%clk 0:03:02]} Rc8 {[%clk 0:02:25]} 13. f4 {[%clk 0:03:02]} Nbd7
{[%clk 0:02:18]} 14. f5 {[%clk 0:03:02]} Kh8 {[%clk 0:01:50]} 15. g4
{[%clk 0:02:29]} Ng8 {[%clk 0:01:45]} 16. Nxg6+ {[%clk 0:02:23]} fxg6
{[%clk 0:01:34]} 17. Be3 {[%clk 0:02:21]} Qd8 {[%clk 0:01:26]} 18. Qd2
{[%clk 0:02:18]} Kg7 {[%clk 0:01:15]} 19. g5 {[%clk 0:02:16]} Nf8
{[%clk 0:00:46]} 20. Rf1 {[%clk 0:02:10]} Kh8 {[%clk 0:00:38]} 21. f6
{[%clk 0:02:09]} Nxf6 {[%clk 0:00:32]} 22. gxf6 {[%clk 0:02:10]} Bxf6
{[%clk 0:00:33]} 23. Rf3 {[%clk 0:02:01]} Qe7 {[%clk 0:00:29]} 24. Raf1
{[%clk 0:02:01]} Nd7 {[%clk 0:00:30]} 25. Bh3 {[%clk 0:02:02]} Rf8
{[%clk 0:00:08]} 26. Bxd7 {[%clk 0:02:02]} Qxd7 {[%clk 0:00:09]} 27. Rxf6
{[%clk 0:02:03]} Qg4+ {[%clk 0:00:07]} 28. Qg2 {[%clk 0:02:03]} Qxg2+
{[%clk 0:00:06]} 29. Kxg2 {[%clk 0:02:05]} Kg7 {[%clk 0:00:07]} 30. Bh6+
{[%clk 0:02:04]} 1-0

[Event "Team Championship Russia (Blitz, Men)"]
[Site "Sochi"]
[Date "2018.10.10"]
[Round "7.33"]
[White "Girshgorn, Leonid"]
[Black "Klimentov, Evgeny"]
[Result "0-1"]
[BlackElo "2186"]
[WhiteElo "2242"]
[LiveChessVersion "1.4.8"]

1. d4 {[%clk 0:03:03]} d6 2. e4 {[%clk 0:02:58]} g6 {[%clk 0:03:04]} 3. Nf3 Bg7
4. g3 {[%clk 0:02:44]} Nd7 {[%clk 0:02:59]} 5. Bg2 {[%clk 0:02:45]} e5
{[%clk 0:03:00]} 6. O-O {[%clk 0:02:42]} exd4 {[%clk 0:03:01]} 7. Nxd4
{[%clk 0:02:43]} Ne7 {[%clk 0:03:02]} 8. c4 {[%clk 0:02:40]} O-O {[%clk 0:03:02]}
9. Nc3 {[%clk 0:02:41]} Nc6 {[%clk 0:03:01]} 10. Be3 {[%clk 0:02:42]} Nde5
{[%clk 0:03:02]} 11. Nxc6 {[%clk 0:02:29]} Nxc6 {[%clk 0:02:46]} 12. Qc2
{[%clk 0:02:26]} f5 13. Rad1 {[%clk 0:02:09]} fxe4 {[%clk 0:02:39]} 14. Nxe4
{[%clk 0:02:09]} Bf5 {[%clk 0:02:31]} 15. c5 {[%clk 0:02:04]} d5 {[%clk 0:02:26]}
16. Qb3 {[%clk 0:02:05]} Ne7 {[%clk 0:01:25]} 17. Nc3 {[%clk 0:01:17]} c6
{[%clk 0:01:25]} 18. Qxb7 {[%clk 0:01:13]} Rb8 {[%clk 0:01:26]} 19. Qxa7
{[%clk 0:01:14]} Rxb2 {[%clk 0:01:27]} 20. Bd4 {[%clk 0:01:15]} Bg4
{[%clk 0:00:27]} 21. Bxg7 {[%clk 0:01:07]} Kxg7 {[%clk 0:00:26]} 22. Rd4
{[%clk 0:01:08]} Bd7 {[%clk 0:00:22]} 23. Qa3 {[%clk 0:00:38]} Qb8
{[%clk 0:00:23]} 24. Nd1 {[%clk 0:00:37]} Rc2 {[%clk 0:00:17]} 25. Ne3
{[%clk 0:00:35]} Rb2 {[%clk 0:00:15]} 26. Qc3 {[%clk 0:00:36]} Kg8
{[%clk 0:00:15]} 27. a4 {[%clk 0:00:29]} Rb3 {[%clk 0:00:12]} 28. Qc2
{[%clk 0:00:29]} Nf5 {[%clk 0:00:12]} 29. Nxf5 {[%clk 0:00:29]} Bxf5
{[%clk 0:00:14]} 30. Qd2 {[%clk 0:00:30]} Re8 {[%clk 0:00:12]} 31. a5
{[%clk 0:00:26]} Qb5 {[%clk 0:00:11]} 32. Rc1 {[%clk 0:00:04]} Ra3
{[%clk 0:00:11]} 33. Qf4 {[%clk 0:00:04]} Qxa5 {[%clk 0:00:07]} 34. h4
{[%clk 0:00:04]} Ra1 {[%clk 0:00:05]} 35. Rxa1 {[%clk 0:00:04]} Qxa1+ 36. Kh2 Qc3
{[%clk 0:00:06]} 37. Ra4 {[%clk 0:00:04]} Qxc5 {[%clk 0:00:06]} 38. h5
{[%clk 0:00:04]} Qe7 {[%clk 0:00:04]} 39. h6 {[%clk 0:00:04]} Qe5
{[%clk 0:00:05]} 40. Ra8 {[%clk 0:00:03]} Qxf4 {[%clk 0:00:03]} 41. Rxe8+
{[%clk 0:00:04]} Kf7 {[%clk 0:00:04]} 42. gxf4 Kxe8 {[%clk 0:00:06]} 43. Kg3
{[%clk 0:00:06]} Ke7 {[%clk 0:00:07]} 44. Bf3 {[%clk 0:00:04]} Kd6
{[%clk 0:00:09]} 45. Kh4 {[%clk 0:00:06]} c5 {[%clk 0:00:09]} 46. Kg5 Ke6 47. Be2
{[%clk 0:00:03]} c4 {[%clk 0:00:10]} 48. f3 {[%clk 0:00:04]} c3 {[%clk 0:00:11]}
49. Ba6 {[%clk 0:00:03]} c2 {[%clk 0:00:12]} 50. Bc8+ {[%clk 0:00:04]} Kf7
{[%clk 0:00:13]} 0-1

[Event "Team Championship Russia (Blitz, Men)"]
[Site "Sochi"]
[Date "2018.10.10"]
[Round "7.36"]
[White "Rudakov, Sergey S."]
[Black "Dudin, Gleb"]
[Result "0-1"]
[BlackElo "2079"]
[WhiteElo "1896"]
[LiveChessVersion "1.4.8"]

1. e4 {[%clk 0:03:02]} d6 {[%clk 0:03:03]} 2. d4 {[%clk 0:03:02]} Nf6
{[%clk 0:03:04]} 3. Nc3 {[%clk 0:03:03]} Nbd7 {[%clk 0:03:04]} 4. Nf3
{[%clk 0:03:03]} e5 {[%clk 0:03:06]} 5. dxe5 {[%clk 0:03:03]} dxe5
{[%clk 0:03:06]} 6. h3 {[%clk 0:03:04]} Be7 {[%clk 0:03:06]} 7. Be3
{[%clk 0:03:04]} O-O {[%clk 0:03:05]} 8. Qd2 {[%clk 0:03:05]} c6 {[%clk 0:03:05]}
9. Bd3 {[%clk 0:03:01]} Qc7 {[%clk 0:03:04]} 10. Ne2 {[%clk 0:02:57]} Nc5
{[%clk 0:02:59]} 11. O-O {[%clk 0:02:42]} Ncxe4 {[%clk 0:02:49]} 12. Qc1
{[%clk 0:02:34]} Nc5 {[%clk 0:02:43]} 13. Bxc5 {[%clk 0:02:34]} Bxc5
{[%clk 0:02:41]} 14. Ng3 {[%clk 0:02:35]} Bd7 {[%clk 0:01:54]} 15. Qg5
{[%clk 0:02:33]} Bd6 {[%clk 0:01:42]} 16. Rae1 {[%clk 0:02:34]} h6
{[%clk 0:01:32]} 17. Qd2 {[%clk 0:02:20]} Rfe8 {[%clk 0:01:24]} 18. Bf5
{[%clk 0:02:15]} Rad8 {[%clk 0:01:15]} 19. Bxd7 {[%clk 0:02:15]} Rxd7
{[%clk 0:01:09]} 20. Nf5 {[%clk 0:02:12]} Bf8 {[%clk 0:01:06]} 21. Qc3
{[%clk 0:02:11]} Nd5 {[%clk 0:00:58]} 22. Qb3 {[%clk 0:02:03]} g6
{[%clk 0:00:55]} 23. Ne3 {[%clk 0:02:04]} Nxe3 {[%clk 0:00:35]} 24. Qxe3
{[%clk 0:02:01]} Bg7 {[%clk 0:00:33]} 25. Rd1 {[%clk 0:01:58]} e4
{[%clk 0:00:23]} 26. Nd2 {[%clk 0:01:41]} Bd4 {[%clk 0:00:09]} 27. Qe2
{[%clk 0:01:17]} e3 {[%clk 0:00:08]} 28. Kh1 {[%clk 0:01:10]} Rde7
{[%clk 0:00:05]} 29. Nf3 {[%clk 0:01:10]} exf2 {[%clk 0:00:05]} 30. Qd2
{[%clk 0:01:08]} Bg7 {[%clk 0:00:04]} 31. Qxf2 {[%clk 0:01:07]} Bxb2
{[%clk 0:00:04]} 32. Qxa7 {[%clk 0:01:04]} Bg7 {[%clk 0:00:04]} 33. Qc5
{[%clk 0:00:55]} Re4 {[%clk 0:00:04]} 34. Rd2 {[%clk 0:00:45]} b6
{[%clk 0:00:05]} 35. Qf2 {[%clk 0:00:45]} c5 {[%clk 0:00:05]} 36. Rfd1
{[%clk 0:00:46]} R4e7 {[%clk 0:00:06]} 37. Rd6 {[%clk 0:00:38]} Ra8
{[%clk 0:00:05]} 38. c4 {[%clk 0:00:35]} Rae8 {[%clk 0:00:04]} 39. R1d2
{[%clk 0:00:27]} Ra8 {[%clk 0:00:04]} 40. h4 {[%clk 0:00:18]} Rb8
{[%clk 0:00:04]} 41. Qg3 {[%clk 0:00:16]} Rbe8 {[%clk 0:00:04]} 42. h5
{[%clk 0:00:17]} g5 {[%clk 0:00:05]} 43. Qg4 {[%clk 0:00:12]} Re6
{[%clk 0:00:05]} 44. Rd7 {[%clk 0:00:05]} Re1+ {[%clk 0:00:05]} 45. Ng1
{[%clk 0:00:05]} Qe5 {[%clk 0:00:05]} 46. Qf3 {[%clk 0:00:03]} f5
{[%clk 0:00:05]} 47. Rf2 0-1